01052 2200205 4500001002100000005001500021035002000036007000300056008004100059020002200100082001400122084002000136100003000156245005600186260003400242300005000276700002400326520048100350600001500831INLIS00000000000233920260408083447 a0010-0426000017ta260408 j 1 ind  a978-602-320-479-3 a889.221.3 a889.221.3 SRI m0 aSri Wahyuti ( Pengarang )1 aMenari bersana hiu /cSri Wahyuti; editor, D. Liana aSolo :bTiga Serangkai,c2020 a74 hlm :biIus,bergambar,hitam putih ;c21 cm0 aD. Liana ( Editor ) aByuuur, byuur. Suara ombak menghapus kaki Imran yang telanjang. Imran sangat senang bermain di laut. I a senang bermain dengan ikan dan kerang. Saking asyiknya, Imran jadi enggan pergi ke sekolah. Apalagi,di sekolah ia tidak memiliki teman. Semua anak enggan bermain dengannya, Ditambah lagi Yanto sering mengejek dan mempermalukan Imran. Suatu hari, Imran menemukan teman yang asyik di laut. Siapa teman yang di temui Imran ? Mengapa di sekolaj ia tidak memiliki teman ? 4aFiksi anak